| 000 | 00816cam a2200193 a 4500 | ||
|---|---|---|---|
| 003 | SA-RiAUC | ||
| 005 | 20150408113825.0 | ||
| 008 | 970806s1980 ua g 00000 ara c | ||
| 040 |
_amu _bara _cmb |
||
| 082 | 0 | 4 |
_a243 ج ق ح _221 |
| 100 | 1 |
_aابن قيم الجوزية، محمد بن أبي بكر بن أيوب، _d691-751 هـ. _9220 |
|
| 245 | 1 | 0 |
_aحادي الأرواح إلى بلاد الأفراح / _cتأليف شمس الدين أبي عبد الله محمد بن أبي بكر بن أيوب بن قيم الجوزية؛ تحقيق فواز احمد زمرلي ، فاروق حسن الترك |
| 250 | _aط. 1. | ||
| 260 |
_aبيروت _bدار بن حزم _c2004 |
||
| 300 |
_a781 ص. ؛ _c24 سم. |
||
| 650 | 7 |
_aالروح _2aucsh _9221 |
|
| 650 | 7 |
_aالجنة _2aucsh _9222 |
|
| 942 |
_2ddc _cBOOK |
||
| 999 |
_c7649 _d242149 |
||